01071 a2200193 45000010006000000050017000060080041000230030015000640400040000790800078001192450082001970200018002792640033002973000019003305050393003490410008007421000022007508560105007724113620260407155705.0260407a1993 arg spa dAR-UNSa-BCEJYS aAR-UNSa-BCEJYSbspacAR-UNSa-BCEJYS a347.918xProcedimiento arbitral. Arbitraje. Tribunales de arbitraje civil10aArbitrajepsu eficacia como sistema alternativo de resolución de conflictos a950-9606-56-1 1aBuenos Aires :bAD-HOCc1993 a410 p.c22 cm. a1. La jurisdicción y la crisis de la justicia - 2. Introducción al estudio del arbitraje - 3. Clases de arbitraje - 4. Naturaleza jurídica del arbitraje - 5. El acuerdo arbitral - 6. La autonomía del acuerdo arbitral - 7. Los árbitros - 8. El procedimiento arbitral 9. El laudo arbitral - 10. Revisión e impugnación de los laudos - 11. El arbitraje en el comercio de granos aspa1 aCaivano, Roque J.41uhttps://biblioeco.unsa.edu.ar/pmb/images/libros/arbitraje_Caivano.jpgyImagen de portadaqimage/jpeg